000 00552nam a2200181 i 4500
001 62781
003 ES-MaACL
005 20230906164728.0
007 t|
008 031126s1936 sp ||||1| spa d
100 1 _aFernández Bustos, Joaquín.
_949530
245 1 0 _aSu amor
_b: apuntes de la vida infeliz /
_cJoaquín Fernández Bustos ; carta prólogo de Gabriel Alomar.
260 _aMadrid :
_bA. Redondo,
_c1936.
300 _a157 p. ;
_c19 cm.
700 1 _aAlomar, Gabriel.
_920175
852 _aES-MaACL
_jA-4356
852 _aES-MaACL
_jA-4656
999 _c62781
_d62781